000
00272nam a2200109Ia 4500
008
200302s9999 xx 000 0 und d
100
_a
Jenny Vowles & Other
245
_a
Friebe Buildings of the World Exhibitions
260
_b
Publisher
260
_c
1985
300
_a
224 P.,
999
_c
2234
_d
2234